Score 0/20 Timer 03:00
0 Plays Today
Question Answer Wrong Answers
The Da Vinci Code Dan Brown
90.4%
John Green
1.2%
William Golding
0.8%
E.B. White
0.6%
Angels & Demons Dan Brown
88%
John Green
1.8%
William Golding
1.5%
E.B. White
1.3%
Charlotte's Web E.B. White
86.6%
Dan Brown
1.1%
John Green
2%
William Golding
3.4%
Lord of the Flies William Golding
84.3%
Dan Brown
1.6%
John Green
2%
E.B. White
5.5%
Stuart Little E.B. White
80.4%
Dan Brown
1.4%
John Green
7.1%
William Golding
3.7%
The Lost Symbol Dan Brown
79.4%
John Green
4.8%
William Golding
4.7%
E.B. White
3.1%
The Fault in Our Stars John Green
78.5%
Dan Brown
2.7%
William Golding
7.6%
E.B. White
4%
Paper Towns John Green
64.8%
Dan Brown
3%
William Golding
14%
E.B. White
10%
Looking for Alaska John Green
62.7%
Dan Brown
3.5%
William Golding
16.8%
E.B. White
8.5%
Deception Point Dan Brown
62%
John Green
12.5%
William Golding
11.7%
E.B. White
5.2%
The Trumpet of the Swan E.B. White
53.7%
Dan Brown
3.3%
John Green
14.5%
William Golding
20.4%
An Abundance of Katherines John Green
50.1%
Dan Brown
2.7%
William Golding
22.6%
E.B. White
16.1%
Origin Dan Brown
47.4%
John Green
14.1%
William Golding
21.2%
E.B. White
8.7%
Rites of Passage William Golding
46.4%
Dan Brown
11.6%
John Green
21.2%
E.B. White
11.9%
The Inheritors William Golding
44.8%
Dan Brown
11.4%
John Green
21.6%
E.B. White
13.4%
Pincher Martin William Golding
44.5%
Dan Brown
4.3%
John Green
19.5%
E.B. White
22.5%
Turtles All the Way Down John Green
44%
Dan Brown
2.5%
William Golding
14.2%
E.B. White
30.4%
The Spire William Golding
40.3%
Dan Brown
21.1%
John Green
17.3%
E.B. White
12.2%
The Second Tree from the Corner E.B. White
39%
Dan Brown
3.7%
John Green
27.7%
William Golding
21.2%
Here Is New York E.B. White
24%
Dan Brown
6.9%
John Green
36.9%
William Golding
23.4%

Today's Daily Dose

You're not logged in!

Compare scores with friends on all Sporcle quizzes.
OR
Log In

Sporcle TV

Today on Sporcle TV


Watch our educational content, quiz creation guides, and fun videos on Sporcle TV.

Show Comments

Extras

Top Quizzes Today


Score Distribution

Paid Content

Your Account Isn't Verified!

In order to create a playlist on Sporcle, you need to verify the email address you used during registration. Go to your Sporcle Settings to finish the process.

Report this User

Report this user for behavior that violates our Community Guidelines.

Details: